| 000 | 00740nam a2200217 u 4500 | ||
|---|---|---|---|
| 005 | 20220920063628.0 | ||
| 008 | 111019s1993 r 000 0 eng d | ||
| 020 | _a8439286805 | ||
| 035 | _aUPN01000182260 | ||
| 049 | _aI | ||
| 050 | 4 |
_aPZ36.3 _bM6.5 |
|
| 100 | 1 |
_aMoser, Erwin, _d1954- _931970 |
|
| 245 | 1 | 0 |
_aManuel y Didí y la choza en el árbol : _baventuras ratoniles / _cErwin Moser ; tr. de Elodio M. Bernaldo de Quirós |
| 260 |
_aMadrid : _bGaviota, _cc1993. |
||
| 300 |
_a46 p. : _bil. |
||
| 440 | 0 |
_aGaviota-Junior. _pManuel y Didí |
|
| 534 |
_pTítulo original : _tManuel & Didi und die Baumhütte : |
||
| 650 | 0 |
_aLiteratura infantil alemana _99171 |
|
| 650 | 4 |
_aRATONES - _vLITERATURA INFANTIL _910248 |
|
| 905 | _aInfantil | ||
| 999 |
_c154363 _d154363 |
||